000 00455nam a2200169Ia 4500
008 230917s9999||||xx |||||||||||||| ||und||
020 _cRS495
040 _e241007
_aMAIN
041 _aEnglish
082 _a338.4791 R952R
100 _aRyan, Chris
245 0 _aRecreational tourism: Demand and impacts
260 _aNew Delhi
_bViva Books
_c2010
300 _aix, 358 p.
500 _a2765 30/06/2017 HBD17/7028 30/06/2017 Main Budget
942 _cBK
999 _c23090
_d23090